MARC

LEADER 00000nam0a2200000 4500
001 672565
005 20240520094823.0
035 |a (RuTPU)RU\TPU\retro\2301 
090 |a 672565 
100 |a 20240520d1967 k||y0rusy50 ca 
101 0 |a rus 
102 |a KZ 
105 |a a z 001zy 
181 0 |a i   |b  e  
182 0 |a n 
183 0 |a nc  |2 RDAcarrier 
200 1 |a Катализ и методы изучения катализаторов  |f Академия наук Казахской ССР (АН КазССР), Институт химических наук; отв. ред. Д. В. Сокольский  |e сборник 
203 |a Текст  |b визуальный  |c непосредственный 
210 |a Алма-Ата  |c Наука  |d 1967 
215 |a 160 с.  |c ил. 
225 1 |a Труды института химических наук  |v Т. 17 
283 |a volume  |2 RDAcarrier 
320 |a Библиогр. в конце ст. 
606 1 |a Катализаторы  |2 stltpush  |3 (RuTPU)RU\TPU\subj\21014  |9 40544 
606 1 |a Катализ  |9 84287 
610 1 |a исследования 
610 1 |a Казахстан 
610 1 |a кинетика 
610 1 |a каталитическое гидрирование 
610 1 |a жидкая фаза 
610 1 |a адсорбционные свойства 
610 1 |a каталитические свойства 
610 1 |a сплавные катализаторы 
675 |a 544.478  |v 4 
675 |a 544.47  |v 4 
702 1 |4 340  |a Сокольский  |b Д. В. 
712 0 2 |a Академия наук Казахской ССР  |b Институт химических наук  |3 (RuTPU)RU\TPU\col\11297  |9 25024 
801 1 |a RU  |b 63413507  |c 20240520 
801 2 |a RU  |b 63413507  |c 20181224  |g RCR 
942 |c CR